|
|
|
|
| LEADER |
00752nam a2200193 i 4500 |
| 001 |
c000360366 |
| 003 |
CARM |
| 005 |
00000000000000.0 |
| 008 |
851113s1963 ii b 00000 eng d |
| 019 |
1 |
|
|a 4137016
|z 64957739
|5 LACONCORD2021
|
| 035 |
|
|
|a (OCoLC)8818748
|5 LACONCORD2021
|
| 100 |
1 |
|
|a Choksey, R. D.
|q (Rustom Dinshaw),
|d 1914-
|
| 245 |
1 |
0 |
|a Economic life in the Bombay Karnatak, 1818-1939.
|
| 260 |
|
|
|a Bombay :
|b Asia Pub. House,
|c 1963.
|
| 300 |
|
|
|a xvi, 212p. :
|b maps.
|
| 651 |
|
0 |
|a India
|x Economic conditions.
|
| 852 |
8 |
|
|b CARM
|h A1:AL21F0
|i B10224
|p 0447847
|f BK
|
| 999 |
f |
f |
|i 2165ada5-e92a-5769-a3d7-b93489b9e758
|s 730eae95-5be1-5b48-8c77-f2f2838c61e8
|
| 952 |
f |
f |
|p Can circulate
|a CAVAL
|b CAVAL
|c CAVAL
|d CARM 1 Store
|e B10224
|f A1:AL21F0
|h Other scheme
|i book
|m 0447847
|